00569 2200217 4500001002100000005001500021035002000036007000300056008004100059020001800100082001400118084002000132100001500152245005300167260004000220300002800260650002600288504001600314856001100330990001000341INLIS00000000000413920260203102434 a0010-0226000022ta260203 g 0 ind  a979-28-1772-0 a782.42162 a782.42162 RIA t0 aRiana Wati1 aTembang Dolanan Bocah :bLagu Jawa /cRiana Wati aKlaten :bPT. Intan Pariwara,c2020 a80 hlm :bilus ;c25 cm 4aTembang Dolanan Bocah aBibliografi aRak C2 a06885